[Event "G5-1"]
[Site "Svendborg"]
[Date "2018.03.28"]
[Round "5"]
[White "Nielsen, Ture Jungberg"]
[Black "Jorgensen, Orla Eilegaard"]
[Result "1-0"]
[WhiteElo "1599"]
[BlackElo "1659"]
[PlyCount "41"]
[EventDate "2018.03.24"]
[EventType "swiss"]
[EventRounds "5"]
[EventCountry "DEN"]

1. e4 b6 2. d4 Bb7 3. Nc3 e6 4. Nf3 Bb4 5. Bd3 Nf6 6. Qe2 Bxc3+ 7. bxc3 O-O 8.
Bg5 Re8 9. e5 h6 10. Bh4 g5 11. Nxg5 Nd5 12. Nf3 Nf4 13. Qf1 Qc8 14. g3 Ng6 15.
Bxg6 Bxf3 16. Bxf7+ Kxf7 17. Qd3 Bxh1 18. Qh7+ Kf8 19. Qxh6+ Kg8 20. Bf6 Re7
21. Qh8+ 1-0